000
00332nam a22001457a 4500
008
221205b ||||| |||| 00| 0 eng d
020
_a
9780321968999
041
_a
eng
080
_a
611
082
_a
611SAR
100
_a
11
101
_a
ANATO
245
_a
VISUAL ANATOMY PHYSIOLOGU LAB MANUAL
_c
SARIKAS N S
942
_2
udc
_c
BK
999
_c
59084
_d
59084